| 000 | 00797nam a2200217 a 4500 | ||
|---|---|---|---|
| 005 | 20240416063956.0 | ||
| 008 | 121105s2012 mx r 000 0 spa d | ||
| 020 | _a9786074171822 | ||
| 035 | _aUPN01000188168 | ||
| 049 | _aCG | ||
| 050 | 4 |
_aHD5715.5 M6 _bE5.3 |
|
| 245 | 0 | 0 |
_aEn el camino-- formación para el trabajo e inclusión : _b¿hacia dónde vamos? / _ccoord. Enrique Pieck Gochicoa ; colab. Ivonne Santillán. |
| 260 |
_aMéxico : _bUniversidad Iberoamericana : _bInstituto de Capacitación para el Trabajo, _c2012. |
||
| 300 |
_a373 p. : _bil., tablas |
||
| 650 | 4 |
_aTrabajo _xCapacitación _921440 |
|
| 650 | 4 |
_aCAPACITACION OCUPACIONAL _99107 |
|
| 700 | 1 |
_aPieck Gochicoa, Enrique, _ecoord. _929859 |
|
| 700 | 1 |
_aSantillán, Ivonne, _ecolab. |
|
| 905 | _aLibro | ||
| 999 |
_c160271 _d160271 |
||